书目信息 |
| 题名: |
宽容与处世心理咨询手册
|
|
| 作者: | 马铁 , 田伟娜 编著 | |
| 分册: | ||
| 出版信息: | 北京 人民日报出版社 2006 |
|
| 页数: | 214页 | |
| 开本: | 23cm | |
| 丛书名: | 21世纪心理咨询丛书 | |
| 单 册: | ||
| 中图分类: | C912.1 , B825 | |
| 科图分类: | ||
| 主题词: | 个人--修养--通俗读物 , 个人 , 修养 , 人间交往--通俗读物 , 人间交往 | |
| 电子资源: | ||
| ISBN: | 7-80208-426-1 | |
| 000 | 00945oam2 2200313 450 | |
| 001 | 003375834 | |
| 005 | 20070804110442.03 | |
| 010 | @a7-80208-426-1@dCNY25.00 | |
| 100 | @a20060210d2006 em y0chiy0110 ea | |
| 101 | 0 | @achi |
| 102 | @aCN@b110000 | |
| 105 | @ay z 000yy | |
| 200 | 1 | @a宽容与处世心理咨询手册@9kuan rong yu chu shi xin li zi xun shou ce@f马铁,田伟娜编著 |
| 210 | @a北京@c人民日报出版社@d2006 | |
| 215 | @a214页@d23cm | |
| 225 | 2 | @a21世纪心理咨询丛书 |
| 330 | @a本书介绍了宽容领导获得晋升高薪心理咨询、宽容朋友深厚友情心理咨询、宽容下属提高工作效益心理咨询等。 | |
| 461 | 0 | @12001 @a21世纪心理咨询丛书 |
| 606 | 0 | @a个人@x修养@j通俗读物 |
| 606 | 0 | @a个人 |
| 606 | 0 | @a修养 |
| 606 | 0 | @a人间交往@j通俗读物 |
| 606 | 0 | @a人间交往 |
| 690 | @aC912.1@v4 | |
| 690 | @aB825@v4 | |
| 701 | 0 | @a马铁@9ma tie@4编著 |
| 701 | 0 | @a田伟娜@9tian wei na@4编著 |
| 801 | 0 | @aCN@bNLC@c20070804 |
| 905 | @a10447@dB825@e373 | |
| 宽容与处世心理咨询手册/马铁,田伟娜编著.-北京:人民日报出版社,2006 |
| 214页;23cm.-(21世纪心理咨询丛书) |
| ISBN 7-80208-426-1:CNY25.00 |
| 本书介绍了宽容领导获得晋升高薪心理咨询、宽容朋友深厚友情心理咨询、宽容下属提高工作效益心理咨询等。 |
| ● |
| 相关链接 |
|
|
|
|
正题名:宽容与处世心理咨询手册
索取号:B825/373
 
预约/预借
| 序号 | 登录号 | 条形码 | 馆藏地/架位号 | 状态 | 备注 |
| 1 | 0804019 | 208040190 | 第一样本阅览室/ [索取号:B825/373] | 在馆 | |
| 2 | 0804020 | 208040207 | 教育系资料室/ [索取号:B825/373] | 在馆 | |
| 3 | 0804021 | 208040216 | 第一借阅区/ [索取号:B825/373] | 在馆 | |
| 4 | 0804022 | 208040225 | 第一借阅区/ [索取号:B825/373] | 在馆 | |
| 5 | 0804023 | 208040234 | 第一借阅区/ [索取号:B825/373] | 在馆 | |
| 6 | 0804024 | 208040243 | 第一借阅区/ [索取号:B825/373] | 在馆 |